000 00878nam a2200253 c 4500
003 BLK
005 20190913121204.0
008 180911b bul|||||r ||||||| ||bul||
010 _a002227
040 _aBLK
041 _aBUL
080 _aСалабашев, Иван
_x92
_z949.72(092)92
100 1 _aСАЛАБАШЕВ, Иван
_eпърви автор
245 0 0 _aСпомени
260 _aСофия
_bБълг. акад. на науките и изкуствата
_c1943
_fКнипеграф
300 _aXXIII, 604 с
_c24 см
380 _a9
490 _aЧастна колекция - Академик Михаил Арнаудов
_gДарение - Основен фонд
650 _aБиографии
655 _aбългарска история
700 1 _aИван Салабашев
852 _aМА 2599
942 _cKNG
_n0
944 _aCR
_c1997
_kGGG
999 _c342578
_d342578